000 00809nam a2200241Ia 4500
003 GCL
008 140319s9999 xx 000 0 ara d
020 _a0356010977
040 _aGCL /
_cGCL
082 0 4 _a371.91
_bم ا
100 1 _aمونتيسورى، ماريا
245 1 0 _aاكتشاف الطفل /
_cمونتيسورى، ماريا
700 1 _aتامر العفيفى
260 _aالقاهرة :
_bمكتبة دار الكلمة ،
_c2002
300 _a436 ص ؛
_c20 سم
650 0 4 _aتعليم الاطفال
650 0 4 _aالاطفال - تدريب
650 0 4 _aالاطفال - العناية الصحية
650 0 4 _aالاطفال - تربية
650 0 4 _aالاطفال المعوقون
650 0 4 _aالتعليم - طريقة مونتيسورى
942 _2ddc
_cBK
999 _c7392
_d7392